Central Library OPAC University of Rajshahi

Textbook of organic chemistry / (Record no. 70153)

MARC details
000 -LEADER
fixed length control field 00714nam a2200229 a 4500
001 - CONTROL NUMBER
control field 70153
003 - CONTROL NUMBER IDENTIFIER
rucl marc code BD-RjUL
005 - DATE AND TIME OF LATEST TRANSACTION
control field 20211209081953.0
008 - FIXED-LENGTH DATA ELEMENTS--GENERAL INFORMATION
fixed length control field 170416s1950 maua 001 0 eng d
035 ## - SYSTEM CONTROL NUMBER
System control number (BD-RjUL)70365
040 ## - CATALOGING SOURCE
Original cataloging agency DLC
Transcribing agency OTU
Modifying agency BD-RjUL
Language of cataloging eng
041 ## - LANGUAGE CODE
Language code of text/sound track or separate title eng
082 ## - DEWEY DECIMAL CLASSIFICATION NUMBER
Classification number 547
Edition number 23
Author mark and year FIT 1950
100 1# - MAIN ENTRY--PERSONAL NAME
Personal name Fieser, Louis F.
Fuller form of name (Louis Frederick),
Dates associated with a name 1899-1977.
9 (RLIN) 207771
245 00 - TITLE STATEMENT
Title Textbook of organic chemistry /
Statement of responsibility, etc. [by] Louis F. Fieser and Mary Fieser.
260 ## - PUBLICATION, DISTRIBUTION, ETC. (IMPRINT)
Place of publication, distribution, etc. Boston :
Name of publisher, distributor, etc. Heath,
Date of publication, distribution, etc. c1950
300 ## - PHYSICAL DESCRIPTION
Pagination viii, 741 p. :
Illustrations ill. ;
Size 25 cm.
504 ## - BIBLIOGRAPHY, ETC. NOTE
Bibliography, etc Includes bibliographies and index
650 #0 - SUBJECT ADDED ENTRY--TOPICAL TERM
Topical term or geographic name as entry element Chemistry, Organic.
9 (RLIN) 207772
700 1# - ADDED ENTRY--PERSONAL NAME
Personal name Fieser, Mary,
Dates associated with a name 1909-1997.
942 ## - ADDED ENTRY ELEMENTS (KOHA)
Source of classification or shelving scheme Dewey Decimal Classification
Koha item type Books
Holdings
Lost status Source of classification or shelving scheme Damaged status Not for loan Collection code Permanent Location Current Location Shelving location Date acquired Source of acquisition Total Checkouts Full call number Date last seen Copy number Koha item type
  Dewey Decimal Classification   Not For Loan Non-fiction Central Library, University of Rajshahi Central Library, University of Rajshahi Reading Room 07/04/1962 Asia Foundation   547 FIT 1950 16/04/2017 C-1 Books